Блок управления электромеханическими аттенюаторами; Современные техника и технологии; Т. 1

Xehetasun bibliografikoak
Parent link:Современные техника и технологии: сборник трудов XVII международной научно-практической конференции студентов, аспирантов и молодых ученых, Томск, 18-22 апреля 2011 г/ Национальный исследовательский Томский политехнический университет (ТПУ).— , 2011
Т. 1.— 2011.— [С. 184-185]
Egile nagusia: Добриков А. И.
Beste egile batzuk: Воробьева Г. С. Галина Степановна (научный руководитель)
Gaia:Заглавие с титульного экрана
Hizkuntza:errusiera
Argitaratua: 2011
Saila:Приборостроение
Gaiak:
Sarrera elektronikoa:http://www.lib.tpu.ru/fulltext/c/2011/C01/V01/090.pdf
Formatua: Baliabide elektronikoa Liburu kapitulua
KOHA link:https://koha.lib.tpu.ru/cgi-bin/koha/opac-detail.pl?biblionumber=234776

MARC

LEADER 00000naa2a2200000 4500
001 234776
005 20260209111030.0
035 |a (RuTPU)RU\TPU\book\255904 
035 |a RU\TPU\book\255897 
090 |a 234776 
100 |a 20130328d2011 k y0rusy50 ca 
101 0 |a rus 
102 |a RU 
135 |a drnn ---uucaa 
181 0 |a i  
182 0 |a b 
200 1 |a Блок управления электромеханическими аттенюаторами  |f А. И. Добриков  |g науч. рук. Г. С. Воробьева 
203 |a Текст  |c электронный 
225 1 |a Приборостроение 
300 |a Заглавие с титульного экрана 
320 |a [Библиогр.: с. 185 (3 назв.)] 
337 |a Adobe Reader 
461 1 |0 (RuTPU)RU\TPU\book\255301  |t Современные техника и технологии  |o сборник трудов XVII международной научно-практической конференции студентов, аспирантов и молодых ученых, Томск, 18-22 апреля 2011 г  |o в 3 т.  |f Национальный исследовательский Томский политехнический университет (ТПУ)  |d 2011 
463 1 |0 (RuTPU)RU\TPU\book\255306  |t Т. 1  |v [С. 184-185]  |d 2011 
610 1 |a труды учёных ТПУ 
610 1 |a электронный ресурс 
610 1 |a блоки управления 
610 1 |a электромеханические модули 
610 1 |a аттенюаторы 
700 1 |a Добриков  |b А. И. 
702 1 |a Воробьева  |b Г. С.  |c специалист в области электротехники  |c доцент Томского политехнического университета, кандидат технических наук  |f 1940-  |g Галина Степановна  |4 727 
801 2 |a RU  |b 63413507  |c 20160124  |g RCR 
856 4 |u http://www.lib.tpu.ru/fulltext/c/2011/C01/V01/090.pdf 
942 |c CF